Курс физической химии: учебник

Detaylı Bibliyografya
Yazar: Киреев В. А. Валентин Александрович
Özet:Книга составлена применительно к действующим программам по физической химии для нехимических вузов. В ней изложены основные разделы физической химии: строение вещества, химическая термодинамика, учение о растворах, электрохимия, кинетика, коллоидное состояние и др. Большое внимание уделено вопросам истории физической химии и освещению роли русских ученых в развитии этой науки. Материал книги иллюстрируется справочными данными, графиками и примерами. Показана тесная связь физической химии с прикладными науками и ее приложение в технике. Книга предназначается в качестве учебника для студентов нехимических вузов, но может быть полезным пособием и для студентов химических вузов, а также для научных и инженерно-технических работников и преподавателей физической химии и смежных с нею дисциплин.
Dil:Rusça
Baskı/Yayın Bilgisi: Москва, Госхимиздат, 1951
Konular:
Materyal Türü: MixedMaterials Kitap
KOHA link:https://koha.lib.tpu.ru/cgi-bin/koha/opac-detail.pl?biblionumber=184140

MARC

LEADER 00000nam0a2200000 4500
001 184140
005 20231101223825.0
035 |a (RuTPU)RU\TPU\book\199623 
035 |a RU\TPU\book\199564 
090 |a 184140 
100 |a 20100827d1951 m y0rusy50 ca 
101 0 |a rus 
102 |a RU 
105 |a a z 001zy 
200 1 |a Курс физической химии  |e учебник  |f В. А. Киреев 
210 |a Москва  |c Госхимиздат  |d 1951 
215 |a 706 с.  |c ил. 
318 |5 63413507  |a Жизненная соната Стромберга  |b выставка 
320 |a Библиогр.: с. 694-704. 
330 |a Книга составлена применительно к действующим программам по физической химии для нехимических вузов. В ней изложены основные разделы физической химии: строение вещества, химическая термодинамика, учение о растворах, электрохимия, кинетика, коллоидное состояние и др. Большое внимание уделено вопросам истории физической химии и освещению роли русских ученых в развитии этой науки. Материал книги иллюстрируется справочными данными, графиками и примерами. Показана тесная связь физической химии с прикладными науками и ее приложение в технике. Книга предназначается в качестве учебника для студентов нехимических вузов, но может быть полезным пособием и для студентов химических вузов, а также для научных и инженерно-технических работников и преподавателей физической химии и смежных с нею дисциплин. 
606 1 |a Физическая химия  |2 stltpush  |3 (RuTPU)RU\TPU\subj\67669  |9 83390 
610 1 |a атомы 
610 1 |a молекулы 
610 1 |a строение 
610 1 |a химическая связь 
610 1 |a газы 
610 1 |a кристаллы 
610 1 |a жидкости 
610 1 |a первый закон термодинамики 
610 1 |a второй закон термодинамики 
610 1 |a фазовое равновесие 
610 1 |a растворы 
610 1 |a химическое равновесие 
610 1 |a расчеты 
610 1 |a поверхностные явления 
610 1 |a электролиты 
610 1 |a электродные процессы 
610 1 |a кинетика 
610 1 |a коллоидное состояние 
610 1 |a учебники 
675 |a 544(075.8)  |v 3 
700 1 |a Киреев  |b В. А.  |g Валентин Александрович 
801 1 |a RU  |b 63413507  |c 20100827 
801 2 |a RU  |b 63413507  |c 20160802  |g RCR 
942 |c BK